Some Modern Methods of Organic Synthesis (Record no. 5390)

MARC details
000 -LEADER
fixed length control field 00987cam a2200277 a 4500
001 - CONTROL NUMBER
control field 3805814
003 - CONTROL NUMBER IDENTIFIER
control field OSt
005 - DATE AND TIME OF LATEST TRANSACTION
control field 20231028083014.0
008 - FIXED-LENGTH DATA ELEMENTS--GENERAL INFORMATION
fixed length control field 850820s1986 enka b 001 0 eng
010 ## - LIBRARY OF CONGRESS CONTROL NUMBER
LC control number 85021270
020 ## - INTERNATIONAL STANDARD BOOK NUMBER
International Standard Book Number 0521778301
040 ## - CATALOGING SOURCE
Transcribing agency DDC
082 00 - DEWEY DECIMAL CLASSIFICATION NUMBER
Classification number 547.2 CAR 2004.
100 1# - MAIN ENTRY--PERSONAL NAME
Personal name Carruthers, William; Coldham,Laim;.
9 (RLIN) 3655
245 10 - TITLE STATEMENT
Title Some Modern Methods of Organic Synthesis
250 ## - EDITION STATEMENT
Edition statement 4th ed.
260 ## - PUBLICATION, DISTRIBUTION, ETC. (IMPRINT)
Place of publication, distribution, etc. Cambridge;
Name of publisher, distributor, etc. Cambridge University Press,
Date of publication, distribution, etc. 2004..
300 ## - PHYSICAL DESCRIPTION
Extent xii, 492p. :
Other physical details ill. ;
Dimensions 24 cm.
440 #0 - SERIES STATEMENT/ADDED ENTRY--TITLE
Title Cambridge texts in chemistry and biochemistry
9 (RLIN) 3656
504 ## - BIBLIOGRAPHY, ETC. NOTE
Bibliography, etc Bibliography, and index are included.
650 #0 - SUBJECT ADDED ENTRY--TOPICAL TERM
Topical term or geographic name as entry element Organic chemistry
9 (RLIN) 814
856 41 - ELECTRONIC LOCATION AND ACCESS
Materials specified Sample text
Uniform Resource Identifier http://www.loc.gov/catdir/samples/cam031/85021270.html
856 42 - ELECTRONIC LOCATION AND ACCESS
Materials specified Publisher description
Uniform Resource Identifier http://www.loc.gov/catdir/description/cam023/85021270.html
856 41 - ELECTRONIC LOCATION AND ACCESS
Materials specified Table of contents
Uniform Resource Identifier http://www.loc.gov/catdir/toc/cam028/85021270.html
942 ## - ADDED ENTRY ELEMENTS (KOHA)
Source of classification or shelving scheme Dewey Decimal Classification
Koha item type Open Shelf
Holdings
Withdrawn status Lost status Source of classification or shelving scheme Damaged status Not for loan Home library Current library Date acquired Source of acquisition Inventory number Total Checkouts Full call number Barcode Date last seen Koha item type
    Dewey Decimal Classification     MUST Main Library MUST Main Library 10/11/2016 Donation 06/26111   547.2 CAR 2004. 2016-4911 10/11/2016 Open Shelf